Documento que trata sobre dos artículos que utilizó el fiscal para determinar algunos gastos

Detalles Bibliográficos
Formato: Libro
Publicado: s.l., s.f.
Materias:
Colección:Banco de datos
Acervo:Biblioteca Palafoxiana. Colección de Manuscritos
Descripción Física:6 f. ; 31 x 21 cm.
Tema general:Civil
LEADER 00392nam a22001330004500
035 |a 1148 
245 1 0 |a Documento que trata sobre dos artículos que utilizó el fiscal para determinar algunos gastos 
260 |a s.l., s.f. 
300 |a 6 f. ; 31 x 21 cm. 
650 1 0 |a Civil 
949 |a 19948/059 
942 |c PALAMANU 
943 |g Biblioteca Palafoxiana. Colección de Manuscritos 
999 |c 1069093  |d 1069093